000 00293nam a2200121Ia 4500
008 241015s9999 xx 000 0 und d
041 _aeng
082 _a920 LAV
100 _aLavasa, Ashok,
245 _aAn ordinary life :
260 _bHarper Collins
_aNoida
_c2021
300 _a210;. P. 23 Cm
999 _c41937
_d41937